000 00923nam a22002657a 4500
999 _c44862
_d44862
001 18426
003 CO-MdFUSB
005 20180622073155.0
008 180503t2007 sp ||||| |||| 00| 0 spa d
020 _a978-84-8169-762-9
040 _aCO-MdFUSB
_bspa
_cCO-MdFUSB
_dCO-MdFUSBC
_erda
041 0 _aspa
_hfre
082 0 4 _aG 229.7 T213m
100 1 _aTassin, Claude
_eautor
245 3 _aDe los macabeos a Herodes el Grande
_c / Claude Tassin ; traducido por Pedro Barrado
264 4 _aNavarra, España:
_b Verbo Divino,
_c©2007
300 _a56 p.
336 _2rdacontent
_atexto
_btxt
337 _2rdamedia
_asin mediación
_bn
338 _2rdacarrier
_avolumen
_bnc
500 _aTítulo original en francés: Des Maccabées Hérode le Grand
501 _arústico
505 0 0 _aLa crisis helenística y los Macabeos (175-134 a.C.)-- Los asmoneos (134-37 a.C.) -- El reinado de Herodes (37-4 a.C.)
942 _cBK